An introduction to Karl Marx / (Record no. 6908)

MARC details
000 -LEADER
fixed length control field 00616pam a2200205 4500
001 - CONTROL NUMBER
control field 8024
005 - DATE AND TIME OF LATEST TRANSACTION
control field 20181127184924.0
008 - FIXED-LENGTH DATA ELEMENTS--GENERAL INFORMATION
fixed length control field 860224s1986 enk b 000 0 eng
010 ## - LIBRARY OF CONGRESS CONTROL NUMBER
LC control number 86004238
020 ## - INTERNATIONAL STANDARD BOOK NUMBER
International Standard Book Number 0521329221
International Standard Book Number 052133831X (pbk.)
082 00 - DEWEY DECIMAL CLASSIFICATION NUMBER
Classification number 335.4
Edition number 19
100 1# - MAIN ENTRY--PERSONAL NAME
Personal name Elster, Jon,
Dates associated with a name 1940-
245 13 - TITLE STATEMENT
Title An introduction to Karl Marx /
Statement of responsibility, etc. Jon Elster.
260 ## - PUBLICATION, DISTRIBUTION, ETC.
Place of publication, distribution, etc. Cambridge [Cambridgeshire] ;
-- New York :
Name of publisher, distributor, etc. Cambridge University Press,
Date of publication, distribution, etc. 1986.
300 ## - PHYSICAL DESCRIPTION
Extent vii, 200 p. ;
Dimensions 22 cm.
504 ## - BIBLIOGRAPHY, ETC. NOTE
Bibliography, etc. note Includes bibliographies.
600 10 - SUBJECT ADDED ENTRY--PERSONAL NAME
Personal name Marx, Karl,
Dates associated with a name 1818-1883.
Holdings
Withdrawn status Lost status Source of classification or shelving scheme Damaged status Not for loan Collection code Home library Current library Shelving location Date acquired Serial Enumeration / chronology Inventory number Total Checkouts Full call number Barcode Date last seen Date last checked out Price effective from Koha item type
    Dewey Decimal Classification     Main TEST RTC Library RTC Library Main opac 19/08/2022 12111 4 335.4 ELS 30012631 10/09/2025 26/08/2025 27/11/2018 Main
Royal Thimphu College || All Right Reserved